Languages of India by Script - Statistics

General Stats
  • This quiz has been taken 533 times
    465 since last reset
  • The average score is 11 of 23
Answer Stats
Script Language % Correct
English English
96%
हिंदी Hindi
93%
বাংলা Bengali
72%
தமிழ் Tamil
63%
اُردُو Urdu
63%
ಕನ್ನಡ Kannada
62%
മലയാളം Malayalam
62%
ગુજરાતી Gujarati
60%
తెలుగు Telugu
58%
অসমীয়া Assamese
50%
मराठी Marathi
47%
ଓଡ଼ିଆ Odia
46%
ਪੰਜਾਬੀ / پنجابی Punjabi
40%
कोंकणी Konkani
38%
नेपाली Nepali
38%
सिन्धी / سنڌي Sindhi
37%
डोगरी / ڈوگری‬ Dogri
34%
मैथिली Maithili
34%
संस्कृतम् Sanskrit
33%
संताली / ᱥᱟᱱᱛᱟᱲᱤ Santali
28%
𑆑𑆳𑆯𑆶𑆫𑇀 / كٲشُر Kashmiri
27%
ꯃꯩꯇꯩꯂꯣꯟ / মৈতৈলোন্ Meitei
19%
बर' राव Bodo
18%
No matching quizzes found
Score Distribution
Percent of People with Each Score
Percentile by Number Answered
Your Score History
You have not taken this quiz since the last reset